Catholic University of Zimbabwe Library
Online Public Access Catalogue
(OPAC)

Pirates of empire : (Record no. 27771)

MARC details
000 -LEADER
fixed length control field 02546nam a22003978i 4500
001 - CONTROL NUMBER
control field CR9781108594516
003 - CONTROL NUMBER IDENTIFIER
control field UkCbUP
005 - DATE AND TIME OF LATEST TRANSACTION
control field 20210213154023.0
006 - FIXED-LENGTH DATA ELEMENTS--ADDITIONAL MATERIAL CHARACTERISTICS
fixed length control field m|||||o||d||||||||
007 - PHYSICAL DESCRIPTION FIXED FIELD--GENERAL INFORMATION
fixed length control field cr||||||||||||
008 - FIXED-LENGTH DATA ELEMENTS--GENERAL INFORMATION
fixed length control field 180926s2019||||enk o ||1 0|eng|d
020 ## - INTERNATIONAL STANDARD BOOK NUMBER
International Standard Book Number 9781108594516 (ebook)
020 ## - INTERNATIONAL STANDARD BOOK NUMBER
Canceled/invalid ISBN 9781108484213 (hardback)
020 ## - INTERNATIONAL STANDARD BOOK NUMBER
Canceled/invalid ISBN 9781108706100 (paperback)
040 ## - CATALOGING SOURCE
Original cataloging agency UkCbUP
Language of cataloging eng
Description conventions rda
Transcribing agency UkCbUP
043 ## - GEOGRAPHIC AREA CODE
Geographic area code as-----
-- a------
050 00 - LIBRARY OF CONGRESS CALL NUMBER
Classification number HV6433.786.S64
Item number E35 2019
082 00 - DEWEY DECIMAL CLASSIFICATION NUMBER
Classification number 364.16/4
Edition number 23
100 1# - MAIN ENTRY--PERSONAL NAME
Personal name Eklöf Amirell, Stefan,
Dates associated with a name 1968-
Relator term author.
245 10 - TITLE STATEMENT
Title Pirates of empire :
Remainder of title colonisation and maritime violence in Southeast Asia /
Statement of responsibility, etc. Stefan Eklöf Amirell.
264 #1 - PRODUCTION, PUBLICATION, DISTRIBUTION, MANUFACTURE, AND COPYRIGHT NOTICE
Name of producer, publisher, distributor, manufacturer Cambridge University Press,
300 ## - PHYSICAL DESCRIPTION
Extent 1 online resource (ix, 266 pages) :
Other physical details digital, PDF file(s).
500 ## - GENERAL NOTE
General note Title from publisher's bibliographic system (viewed on 09 Aug 2019).
520 ## - SUMMARY, ETC.
Summary, etc. The suppression of piracy and other forms of maritime violence was a keystone in the colonisation of Southeast Asia. Focusing on what was seen in the nineteenth century as the three most pirate-infested areas in the region - the Sulu Sea, the Strait of Malacca and Indochina - this comparative study in colonial history explores how piracy was defined, contested and used to resist or justify colonial expansion, particularly during the most intense phase of imperial expansion in Southeast Asia from c.1850 to c.1920. In doing so, it demonstrates that piratical activity continued to occur in many parts of Southeast Asia well beyond the mid-nineteenth century, when most existing studies of piracy in the region end their period of investigation. It also points to the changes over time in how piracy was conceptualised and dealt with by each of the major colonial powers in the region - Britain, France, the Netherlands, Spain and the United States. This title is also available as Open Access on Cambridge Core.
650 #0 - SUBJECT ADDED ENTRY--TOPICAL TERM
Topical term or geographic name entry element Piracy
Geographic subdivision Southeast Asia
General subdivision History
Chronological subdivision 19th century.
650 #0 - SUBJECT ADDED ENTRY--TOPICAL TERM
Topical term or geographic name entry element Piracy
Geographic subdivision Southeast Asia
General subdivision History
Chronological subdivision 20th century.
650 #0 - SUBJECT ADDED ENTRY--TOPICAL TERM
Topical term or geographic name entry element Maritime terrorism
Geographic subdivision Southeast Asia
General subdivision History
Chronological subdivision 19th century.
650 #0 - SUBJECT ADDED ENTRY--TOPICAL TERM
Topical term or geographic name entry element Maritime terrorism
Geographic subdivision Southeast Asia
General subdivision History
Chronological subdivision 20th century.
650 #0 - SUBJECT ADDED ENTRY--TOPICAL TERM
Topical term or geographic name entry element Colonies
Geographic subdivision Asia
General subdivision History
Chronological subdivision 19th century.
650 #0 - SUBJECT ADDED ENTRY--TOPICAL TERM
Topical term or geographic name entry element Colonies
Geographic subdivision Asia
General subdivision History
Chronological subdivision 20th century.
776 08 - ADDITIONAL PHYSICAL FORM ENTRY
Relationship information Print version:
International Standard Book Number 9781108484213
856 40 - ELECTRONIC LOCATION AND ACCESS
Uniform Resource Identifier <a href="https://doi.org/10.1017/9781108594516">https://doi.org/10.1017/9781108594516</a>
Holdings
Withdrawn status Lost status Source of classification or shelving scheme Damaged status Not for loan Home library Current library Shelving location Date acquired Total Checkouts Full call number Date last seen Uniform Resource Identifier Price effective from Koha item type
          Digital Library Digital Library Online Access 13.02.2021   HV6433.786.S64 E35 2019 13.02.2021 https://doi.org/10.1017/9781108594516 13.02.2021 eBook

OPENING HOURS

Weekdays: 0815hrs - 1800hrs
Weekends:0900hrs - 1200hrs

Closed for Mass:

Mon, Thur: 1200hrs - 1300hrs
Sunday & Public Holiday’s

CALL SUPPORT

0242-570570, 0242-570169
09200664, +263 8644140602

LOCATION

18443, Cranborne Avenue, Hatfield, Harare

Other Links


©2021 | CUZ Library